1888 1887 1595 1967 1339 1233 1204 1013 1966 1728 1190 1750 1782 1302 1099 1974 1397 1924 1029 1248 1868 1008 1881 1111 1707 1655 1123 1747 1183 1439 1491 1269 1273 1881 1082 1670 1609 1021 1701 1336 1972 1305 1396 1000 1100 1861 1852 1481 1322 1427 1489 1354 1777 1587 1508 1885 1915 1576 1241 1890 1015 1935 1880 1993 1776 1607 1517 1362 1337 1771 1873 1326 1845 1098 1478 1429 1739 1361 1779 1821 1773 1819 1389 1583 1130 1571 1008 1792 1798 1941 1879 1769 1733 1236 1483 1064 1485 1545 1064 BCNSPRNW ULIB Ver.6.0+V

เปลี่ยนเป็นภาษาไทย

Change to English
 แสดงรายละเอียดบรรณานุกรม
  กลับหน้าหลัก

Brief Record : Get Marc (ISO 2709) : E-mail record : QR code < ปิดหน้าต่าง
LEADER : 00000nam 2200000uu 4500
001    13399124965
003     ULIB
008    160526s2557||||th 000 0 tha d
020    ^a9786161120092
060    ^aWF600 ส667ก
100    ^aสารนิต บุญประสพ
245    ^aการจัดการกับอาการหายใจลำบากในผู้ป่วยโรคปอดอุดกั้นเรื้ัอรัง
250    ^aพิมพ์ครั้งที่ 1
260    ^aนนทบุรี :^bวิทยาลัยพยาบาลบรมราชชนนี จังหวัดนนทบุรี,^c2557
300    ^a66 หน้า^bภาพประกอบ, ตาราง
650    ^aโรคปอดอุดกั้นเรื้อรัง
650    ^aระบบหายใจ^xอาการหายใจลำบาก
945    ^p120^l0^i000913
945    ^p120^l0^i000914
945    ^p120^l0^i000915
945    ^p120^l0^i000916
945    ^p120^l0^i000917
945    ^p120^l0^i000918
945    ^p120^l0^i000919
999    ^aเกษร โพธิ์สุวรรณ
รายการนี้ยังไม่มีแท็ก
คุณยังไม่ได้ล็อกอิน คุณสามารถมีกิจกรรมร่วมกับเว็บไซต์ได้ แต่ต้องล็อกอินก่อน ::
  ล็อกอิน

รายการสื่อสารสนเทศ

ลำดับที่ ประเภท เลขเรียก/บาร์โค้ด สถานที่ สถานะ
1. วิทยาศาสตร์การแพทย์ และสุขภาพ
วิทยาศาสตร์การแพทย์ และสุขภาพ
สถานะ=หนังสือเก่า
WF600 ส667ก ฉ.1 
  Barcode: 000913
ห้องสมุดวิทยาเขตสวรรค์ประชารักษ์
►ส่วนจัดเก็บหนังสือเก่า สปร
บนชั้น
  ขอยืม
2. วิทยาศาสตร์การแพทย์ และสุขภาพ
วิทยาศาสตร์การแพทย์ และสุขภาพ
สถานะ=หนังสือเก่า
WF600 ส667ก ฉ.2 
  Barcode: 000914
ห้องสมุดวิทยาเขตสวรรค์ประชารักษ์
►ส่วนจัดเก็บหนังสือเก่า สปร
บนชั้น
  ขอยืม
3. วิทยาศาสตร์การแพทย์ และสุขภาพ
วิทยาศาสตร์การแพทย์ และสุขภาพ
สถานะ=หนังสือเก่า
WF600 ส667ก ฉ.3 
  Barcode: 000915
ห้องสมุดวิทยาเขตสวรรค์ประชารักษ์
►ส่วนจัดเก็บหนังสือเก่า สปร
บนชั้น
  ขอยืม
4. วิทยาศาสตร์การแพทย์ และสุขภาพ
วิทยาศาสตร์การแพทย์ และสุขภาพ
สถานะ=หนังสือเก่า
WF600 ส667ก ฉ.4 
  Barcode: 000916
ห้องสมุดวิทยาเขตสวรรค์ประชารักษ์
►ส่วนจัดเก็บหนังสือเก่า สปร
บนชั้น
  ขอยืม
5. วิทยาศาสตร์การแพทย์ และสุขภาพ
วิทยาศาสตร์การแพทย์ และสุขภาพ
สถานะ=หนังสือเก่า
WF600 ส667ก ฉ.5 
  Barcode: 000917
ห้องสมุดวิทยาเขตสวรรค์ประชารักษ์
►ส่วนจัดเก็บหนังสือเก่า สปร
บนชั้น
  ขอยืม
6. วิทยาศาสตร์การแพทย์ และสุขภาพ
วิทยาศาสตร์การแพทย์ และสุขภาพ
สถานะ=หนังสือเก่า
WF600 ส667ก ฉ.6 
  Barcode: 000918
ห้องสมุดวิทยาเขตสวรรค์ประชารักษ์
►ส่วนจัดเก็บหนังสือเก่า สปร
บนชั้น
  ขอยืม
7. วิทยาศาสตร์การแพทย์ และสุขภาพ
วิทยาศาสตร์การแพทย์ และสุขภาพ
สถานะ=หนังสือเก่า
WF600 ส667ก ฉ.7 
  Barcode: 000919
ห้องสมุดวิทยาเขตสวรรค์ประชารักษ์
►ส่วนจัดเก็บหนังสือเก่า สปร
บนชั้น
  ขอยืม

รายการใกล้เคียง
    ชื่อเรื่อง [การจัดการกับอาการหายใจลำบากในผู้ป่วยโรคปอดอุดกั้นเรื้ัอรัง]

    ผู้แต่ง [สารนิต บุญประสพ]

    หัวเรื่อง [โรคปอดอุดกั้นเรื้อรัง]

BibComment


ยังไม่เคยถูกคอมเมนท์

คอมเมนท์ทรัพยากรรายการนี้
  คอมเมนท์: การจัดการกับอากา..


 Copyright 2026. Bcnsprnw @Library